Sharah Sahee Muslim (Record no. 7213)
[ view plain ]
| 000 -LEADER | |
|---|---|
| fixed length control field | 00396 a2200133 4500 |
| 040 ## - CATALOGING SOURCE | |
| Original cataloging agency | Library of Congress |
| Language of cataloging | English |
| 082 ## - DEWEY DECIMAL CLASSIFICATION NUMBER | |
| Classification number | 297.1243 |
| 100 ## - MAIN ENTRY--PERSONAL NAME | |
| Personal name | Saeedi, Allama Ghulam Rasool. |
| 245 ## - TITLE STATEMENT | |
| Title | Sharah Sahee Muslim |
| Statement of responsibility, etc. | Allama Ghulam Rasool Saeedi. |
| Medium | [Urdu] |
| 260 ## - PUBLICATION, DISTRIBUTION, ETC. | |
| Place of publication, distribution, etc. | Lahore : |
| Name of publisher, distributor, etc. | Fareed Book Stall, |
| Date of publication, distribution, etc. | 1999. |
| 300 ## - PHYSICAL DESCRIPTION | |
| Extent | v. 6 ; 1262 p. |
| Dimensions | 25 cm. |
| 650 ## - SUBJECT ADDED ENTRY--TOPICAL TERM | |
| Topical term or geographic name entry element | Islam. |
| 942 ## - ADDED ENTRY ELEMENTS (KOHA) | |
| Koha item type | Book |
| Call number prefix | 297.1243 SAE |
| Source of classification or shelving scheme | |
| Withdrawn status | Lost status | Damaged status | Not for loan | Collection code | Permanent Location | Current Location | Shelving location | Date acquired | Cost, normal purchase price | Total Checkouts | Full call number | Barcode | Date last seen | Date last checked out | Price effective from | Koha item type |
|---|---|---|---|---|---|---|---|---|---|---|---|---|---|---|---|---|
| Central Library (CL) | Central Library (CL) | General Stacks | 08/25/2021 | 300.00 | 1 | 297.1243 SAE | SEECS000201 | 07/07/2025 | 07/04/2025 | 01/05/2017 | Book |
